000 00188 a2200097 4500
001 52229
100 _aMichener N A
245 _a
260 _a
_bHarper & Row
_c
090 _c32892
_d32892
942 _aNUST-CAE
_cM
_c25438
999 _c287302
_d287302